LIBRARY & INFORMATION CENTRE, KCAET, TAVANUR

ONLINE PUBLIC ACCESS CATALOGUE (OPAC)

Problems in electrical engineering / (Record no. 1468)

MARC details
000 -LEADER
fixed length control field 00385cam a2200157ua 4500
003 - CONTROL NUMBER IDENTIFIER
control field OSt
008 - FIXED-LENGTH DATA ELEMENTS--GENERAL INFORMATION
fixed length control field 241231b |||||||| |||| 00| 0 eng d
041 ## - LANGUAGE CODE
Language code of text/sound track or separate title eng
082 ## - DEWEY DECIMAL CLASSIFICATION NUMBER
Classification number 621.3
Item number SMI/PR
100 ## - MAIN ENTRY--AUTHOR NAME
Personal name Smith, Parker
245 ## - TITLE STATEMENT
Title Problems in electrical engineering /
250 ## - EDITION STATEMENT
Edition statement 7th
260 ## - PUBLICATION, DISTRIBUTION, ETC. (IMPRINT)
Place of publication Mumbai :
Name of publisher Asia Publishing House ,
Year of publication 1968.
300 ## - PHYSICAL DESCRIPTION
Number of Pages 370 ; .
942 ## - ADDED ENTRY ELEMENTS (KOHA)
Koha item type Books
Holdings
Withdrawn status Lost status Damaged status Home library Current library Date acquired Full call number Accession Number Koha item type Cost, normal purchase price
      KAUAET KAUAET 07/04/2012 621.3 SMI/PR 12856 Books  
Withdrawn   Damaged KAUAET KAUAET 07/04/2012 621.3 12208 Books  
      KAUAET KAUAET 07/04/2012 621.3 SMI/PR 10889 Books  
Withdrawn     KAUAET KAUAET 23/10/2019 621.3 PAR/PR 795 Books 10.00
      KAUAET KAUAET 31/12/2024 621.3 SMI/PR 12209 Books  
free website counter